| 000 | 00371nam a2200157Ia 4500 | ||
|---|---|---|---|
| 008 | 230711s9999||||xx |||||||||||||| ||und|| | ||
| 041 | _aENG | ||
| 082 |
_a720 _bHE-P |
||
| 100 | _aHensen,Friedhelm | ||
| 245 | 0 | _aPlastics extrusion technology | |
| 250 | _a1st | ||
| 260 |
_c1988 _aNew Delhi _bHanser Publication |
||
| 300 | _a738 | ||
| 650 | _aArchitecture | ||
| 942 | _cBK | ||
| 999 |
_c1852 _d1852 |
||